[Event "DEM U10 2005"]
[Site "Willingen GER"]
[Date "2005.05.20"]
[Round "9"]
[White "Hauffen, Franziska"]
[Black "Möhn, Hans"]
[Result "0-1"]
[Termination "normal"]
[Board "25"]
[WhiteElo "1014"]
[BlackElo "1161"]
[PlyCount "94"]
[BlackFideId "24647837"]
[EventCountry "GER"]
[EventRounds "11"]
[EventType "swiss"]
[EventDate "2005.05.15"]

1. e4 c5 2. Nf3 d6 3. Bc4 Nf6 4. Nc3 g6 5. d3 Nc6 6. Be3 Bg7 7. Qd2 O-O 8. Bh6
Qa5 9. O-O-O a6 10. Kb1 b5 11. Bb3 Re8 12. Rde1 Bh8 13. h4 Nd4 14. Nxd4 cxd4
15. Nd5 Qxd2 16. Nc7 Qxh6 17. Nxa8 Bb7 18. Nb6 Rb8 19. Nd5 Nxd5 20. exd5 Kf8
21. g4 Rc8 22. h5 Qg7 23. h6 Qf6 24. Re2 Ke8 25. Rhe1 Kd7 26. Rxe7+ Qxe7 27.
Rxe7+ Kxe7 28. g5 Re8 29. c3 dxc3 30. bxc3 Bxc3 31. Kc2 Be1 32. f3 Bh4 33. f4
Bg3 34. Kc3 Bxf4 35. d4 Bxg5 36. Kd3 Bxh6 37. Bd1 Bxd5 38. a3 Kf6 39. a4 b4 40.
Be2 Rxe2 41. Kxe2 g5 42. Kd2 g4+ 43. Ke2 b3 44. Kf1 b2 45. Ke2 b1=Q 46. a5 Qe4+
47. Kd1 Bb3# 0-1

[Event "DEM U10 2005"]
[Site "Willingen GER"]
[Date "2005.05.20"]
[Round "9"]
[White "Oltzen, Aljoscha"]
[Black "Grzeca, Pascal"]
[Result "0-1"]
[Termination "normal"]
[Board "26"]
[WhiteElo "933"]
[BlackElo "1142"]
[PlyCount "38"]
[BlackFideId "24600741"]
[EventCountry "GER"]
[EventRounds "11"]
[EventType "swiss"]
[EventDate "2005.05.15"]

1. e4 c6 2. d4 d5 3. exd5 cxd5 4. Bd3 Nc6 5. c3 e5 6. dxe5 Nxe5 7. Bf4 f6 8. h3
Qb6 9. b3 Bc5 10. Qe2 Ne7 11. Bxe5 fxe5 12. Nd2 e4 13. Bb5+ Bd7 14. Bxd7+ Kxd7
15. Qg4+ Kd6 16. Qe2 Rhf8 17. Qd1 Bxf2+ 18. Kf1 Bg3+ 19. Ke2 Qf2# 0-1

[Event "DEM U10 2005"]
[Site "Willingen GER"]
[Date "2005.05.20"]
[Round "9"]
[White "Volz, Alexander"]
[Black "Klumpe, Jan-Karl"]
[Result "1-0"]
[Termination "normal"]
[Board "28"]
[WhiteElo "1117"]
[BlackElo "936"]
[PlyCount "95"]
[WhiteFideId "4669126"]
[EventCountry "GER"]
[EventRounds "11"]
[EventType "swiss"]
[EventDate "2005.05.15"]

1. e4 e5 2. Nc3 Nf6 3. f4 d6 4. d3 Nc6 5. Nf3 Bg4 6. h3 Bxf3 7. gxf3 exf4 8.
Bxf4 Nxe4 9. Nxe4 Qf6 10. Nxf6+ gxf6 11. Qe2+ Be7 12. Kd2 O-O-O 13. a4 Rde8 14.
Qf2 Rhg8 15. Rg1 Rgf8 16. a5 a6 17. Rg7 d5 18. Qg3 Bb4+ 19. c3 Bxa5 20. Re1 Rd8
21. Rxh7 Rg8 22. Rg7 Rgf8 23. Qg4+ Kb8 24. d4 Nxd4 25. Bxc7+ Bxc7 26. Qxd4 Be5
27. Qb6 Rd6 28. Qb4 d4 29. Rxe5 dxc3+ 30. Kxc3 Rc8+ 31. Rc5 Rxc5+ 32. Qxc5 Rc6
33. Rg8+ Kc7 34. Qxc6+ Kxc6 35. Rd8 Kc7 36. Rd3 Kc6 37. Kd2 Kc5 38. Ke3 f5 39.
Kf4 b6 40. Ke5 Kc6 41. Rd5 a5 42. Bb5+ Kc7 43. Rd7+ Kc8 44. Kd6 f6 45. Ba6+ Kb8
46. Kc6 Ka8 47. Kxb6 a4 48. Rd8# 1-0

[Event "DEM U10 2005"]
[Site "Willingen GER"]
[Date "2005.05.20"]
[Round "9"]
[White "Weber, Clemens"]
[Black "Haryanto, Selina"]
[Result "1-0"]
[Termination "normal"]
[Board "30"]
[WhiteElo "1165"]
[BlackElo "913"]
[PlyCount "67"]
[WhiteFideId "12927813"]
[EventCountry "GER"]
[EventRounds "11"]
[EventType "swiss"]
[EventDate "2005.05.15"]

1. e4 e5 2. Nf3 Nc6 3. Nc3 Nf6 4. Be2 Bb4 5. d3 d6 6. Bg5 Bg4 7. O-O Bxc3 8.
bxc3 Qe7 9. Rb1 O-O-O 10. Qd2 h6 11. Be3 h5 12. h4 Qe6 13. Rb2 Nd7 14. Rfb1 b6
15. a4 Qg6 16. c4 Rdf8 17. Ng5 f6 18. Nf3 f5 19. exf5 Rxf5 20. Ng5 Bxe2 21.
Qxe2 Nc5 22. Bxc5 dxc5 23. Qe4 Kb7 24. a5 Rf4 25. Qxg6 Nxa5 26. Rb5 Nc6 27.
Rxc5 Ne7 28. Qxg7 Re8 29. Rxe5 Rxh4 30. Rxe7 Rxe7 31. Qxe7 Rf4 32. Ne6 Rf5 33.
Qxc7+ Ka8 34. Qc8# 1-0

[Event "DEM U10 2005"]
[Site "Willingen GER"]
[Date "2005.05.20"]
[Round "9"]
[White "Meir, Lenz"]
[Black "Friedt, Marius"]
[Result "1/2-1/2"]
[Termination "normal"]
[Board "32"]
[WhiteElo "993"]
[BlackElo "1127"]
[PlyCount "60"]
[BlackFideId "4642830"]
[EventCountry "GER"]
[EventRounds "11"]
[EventType "swiss"]
[EventDate "2005.05.15"]

1. d4 d5 2. c4 e6 3. Nc3 Nf6 4. Nf3 Be7 5. e3 O-O 6. Qc2 a6 7. Bd3 dxc4 8. Bxc4
b5 9. Bd3 Nbd7 10. O-O Bb7 11. Ne5 Rc8 12. Nxd7 Qxd7 13. Rd1 g6 14. b3 Nd5 15.
Be4 Nxc3 16. Bxb7 Nxd1 17. Bxc8 Rxc8 18. Qxd1 Bf6 19. Bb2 c5 20. Rc1 Kf8 21.
Ba3 b4 22. Bb2 Ke7 23. a3 a5 24. axb4 axb4 25. Ba1 Rd8 26. Rxc5 e5 27. Rc4 exd4
28. Bxd4 Bxd4 29. Rxd4 Qc7 30. Rxd8 Qxd8 1/2-1/2

[Event "DEM U10 2005"]
[Site "Willingen GER"]
[Date "2005.05.20"]
[Round "9"]
[White "Geise, Maria"]
[Black "Gerntke, Oliver"]
[Result "1/2-1/2"]
[Termination "normal"]
[Board "33"]
[WhiteElo "990"]
[BlackElo "1085"]
[PlyCount "86"]
[BlackFideId "24647977"]
[EventCountry "GER"]
[EventRounds "11"]
[EventType "swiss"]
[EventDate "2005.05.15"]

1. e4 e5 2. Nf3 Nc6 3. Bb5 Nf6 4. Nc3 Bb4 5. O-O O-O 6. a3 Ba5 7. b4 Bb6 8. Bb2
d6 9. h3 Ne7 10. d4 exd4 11. Nxd4 Ng6 12. Re1 a6 13. Bc4 Bd7 14. Nd5 Nxd5 15.
Bxd5 c6 16. Bb3 Qg5 17. Nf3 Qe7 18. Qd3 Be6 19. Qc3 f6 20. Bxe6+ Qxe6 21. Ng5
Qe7 22. Nf3 Qd7 23. Qb3+ Qf7 24. Qxf7+ Rxf7 25. Bd4 Bxd4 26. Nxd4 Re8 27. Nf5
Rd7 28. Rad1 d5 29. exd5 Rxe1+ 30. Rxe1 Rxd5 31. Ne7+ Nxe7 32. Rxe7 b6 33. Re8+
Kf7 34. Ra8 a5 35. Ra7+ Kg6 36. Ra6 axb4 37. axb4 Rb5 38. Ra4 c5 39. bxc5 Rxc5
40. Ra6 Rxc2 41. Rxb6 Rc5 42. f4 Rc4 43. g3 Rc1+ 1/2-1/2

[Event "DEM U10 2005"]
[Site "Willingen GER"]
[Date "2005.05.20"]
[Round "9"]
[White "Spilke, Paul"]
[Black "Matschewsky, Justus"]
[Result "0-1"]
[Termination "normal"]
[Board "34"]
[WhiteElo "893"]
[BlackElo "1235"]
[PlyCount "90"]
[BlackFideId "24678708"]
[EventCountry "GER"]
[EventRounds "11"]
[EventType "swiss"]
[EventDate "2005.05.15"]

1. e4 e5 2. Nf3 Nc6 3. Bc4 Bc5 4. c3 Nf6 5. d4 exd4 6. cxd4 Bb4+ 7. Nc3 Nxe4 8.
O-O Bxc3 9. d5 Bf6 10. Re1 O-O 11. Rxe4 Na5 12. Bd3 d6 13. Bd2 b6 14. Qc1 Nb7
15. Bh6 Nc5 16. Ne1 Nxd3 17. Nxd3 Bf5 18. Re3 gxh6 19. Rf3 Bg6 20. Qxh6 Bg7 21.
Qd2 Re8 22. h3 Qh4 23. Qc2 Rac8 24. Qc6 Qd8 25. Qc1 Re7 26. Nf4 Bh6 27. Qd1
Bxf4 28. Rxf4 Re5 29. Qg4 Rxd5 30. h4 Kh8 31. Rd4 Rxd4 32. Qxd4+ Kg8 33. Rd1
Qe7 34. Qd2 Qxh4 35. Re1 Qg4 36. g3 Qd7 37. Qh6 Re8 38. Rxe8+ Qxe8 39. Qd2 Qd8
40. Qc3 d5 41. Qd4 c5 42. Qd2 d4 43. b3 d3 44. Kf1 Qd5 45. Ke1 Qh1# 0-1

[Event "DEM U10 2005"]
[Site "Willingen GER"]
[Date "2005.05.20"]
[Round "9"]
[White "Sommer, Celin"]
[Black "Zeller, Elisa"]
[Result "1-0"]
[Termination "normal"]
[Board "35"]
[WhiteElo "1162"]
[BlackElo "794"]
[PlyCount "51"]
[BlackFideId "24662410"]
[EventCountry "GER"]
[EventRounds "11"]
[EventType "swiss"]
[EventDate "2005.05.15"]

1. e4 e5 2. f4 exf4 3. Nf3 Bc5 4. Bc4 Nf6 5. Nc3 d6 6. d4 Bb4 7. Bxf4 Bxc3+ 8.
bxc3 Bg4 9. O-O Nxe4 10. Qe2 f5 11. Bb3 Nc6 12. Qc4 Qf6 13. Rae1 O-O-O 14. d5
Na5 15. Qb4 Nxb3 16. Qxb3 Bxf3 17. Rxf3 Qh4 18. Ref1 g5 19. Bg3 Nxg3 20. hxg3
Qh5 21. Rxf5 Rhg8 22. Qa4 b6 23. Qc6 Qh6 24. Rf6 Qg7 25. Rf7 Qh6 26. Qa8# 1-0

[Event "DEM U10 2005"]
[Site "Willingen GER"]
[Date "2005.05.20"]
[Round "9"]
[White "Hümmecke, Aaron"]
[Black "Schäfer, Ann-Kathrin"]
[Result "0-1"]
[Termination "normal"]
[Board "36"]
[WhiteElo "770"]
[BlackElo "1118"]
[PlyCount "110"]
[WhiteFideId "24692522"]
[BlackFideId "24615412"]
[EventCountry "GER"]
[EventRounds "11"]
[EventType "swiss"]
[EventDate "2005.05.15"]

1. e4 c5 2. d4 cxd4 3. c3 e6 4. cxd4 Qc7 5. Nc3 d6 6. Nf3 Nd7 7. Bd3 Ngf6 8.
Be3 Be7 9. O-O O-O 10. Qe2 b6 11. Ng5 e5 12. Nb5 Qb7 13. Rac1 a6 14. Na3 h6 15.
Nxf7 Rxf7 16. Bc4 d5 17. exd5 Nxd5 18. dxe5 Nxe5 19. Bb3 Kh8 20. Rfd1 Nxe3 21.
Qxe3 Rf5 22. Bc2 Rg5 23. g3 Bh3 24. Be4 Qb8 25. Bxa8 Qxa8 26. f3 Nxf3+ 27. Kf2
Bc5 28. Rxc5 Rxc5 29. Qxf3 Rf5 30. Qxf5 Bxf5 31. Nc4 Qf8 32. Rd4 Bb1+ 33. Ke3
Qe7+ 34. Kd2 Qb4+ 35. Kc1 Qc5 36. Rd8+ Kh7 37. Kxb1 Qxc4 38. Rd6 Qf1+ 39. Kc2
Qf5+ 40. Kb3 Qb5+ 41. Ka3 Qc5+ 42. b4 Qxd6 43. g4 b5 44. h4 Kg6 45. h5+ Kg5 46.
Kb2 Qxb4+ 47. Ka1 Kf4 48. a3 Qxa3+ 49. Kb1 Ke3 50. Kc2 Qa2+ 51. Kc3 Qc4+ 52.
Kb2 Kd2 53. g5 Qb4+ 54. Ka1 Kc2 55. g6 Qa4# 0-1

[Event "DEM U10 2005"]
[Site "Willingen GER"]
[Date "2005.05.20"]
[Round "9"]
[White "Peil, Christoph"]
[Black "Brühan, Jan"]
[Result "0-1"]
[Termination "normal"]
[Board "37"]
[WhiteElo "1096"]
[BlackElo "784"]
[PlyCount "50"]
[WhiteFideId "24651800"]
[EventCountry "GER"]
[EventRounds "11"]
[EventType "swiss"]
[EventDate "2005.05.15"]

1. d4 d5 2. c4 e6 3. Nc3 Nf6 4. Nf3 Be7 5. Bf4 Bd7 6. e3 Nc6 7. Bd3 dxc4 8.
Bxc4 a6 9. O-O b5 10. Bb3 Rc8 11. d5 exd5 12. Nxd5 Rf8 13. Ne5 Nxe5 14. Bxe5
Nxd5 15. Qxd5 c6 16. Qf3 f6 17. Bd4 Rc7 18. Bb6 c5 19. Qh5+ g6 20. Qxh7 Be6 21.
Bxc7 Qxc7 22. Bxe6 Qe5 23. Qxg6+ Kd8 24. Rad1+ Bd6 25. Qf5 Qxh2# 0-1

[Event "DEM U10 2005"]
[Site "Willingen GER"]
[Date "2005.05.20"]
[Round "9"]
[White "Kalliwoda, Theresa"]
[Black "Barden, Andrea"]
[Result "0-1"]
[Termination "normal"]
[Board "38"]
[WhiteElo "868"]
[BlackElo "990"]
[PlyCount "132"]
[BlackFideId "24698822"]
[EventCountry "GER"]
[EventRounds "11"]
[EventType "swiss"]
[EventDate "2005.05.15"]

1. e4 g6 2. Nf3 Bg7 3. Nc3 d6 4. Bc4 Nf6 5. O-O O-O 6. d4 Bg4 7. Be3 e6 8. Be2
Nc6 9. h3 Bxf3 10. Bxf3 Qe7 11. d5 exd5 12. exd5 Ne5 13. Be2 h6 14. Qd2 Kh7 15.
Kh2 a6 16. Rh1 Qd7 17. Kg1 Rfe8 18. h4 Qf5 19. Qd1 Re7 20. Bg5 Kg8 21. Bxf6
Bxf6 22. Rh3 Bg7 23. Kh2 Qxf2 24. Qf1 Qd4 25. Qg1 Qb4 26. b3 Ng4+ 27. Bxg4 Bxc3
28. Re3 Rxe3 29. Qxe3 Bxa1 30. Qxh6 Bg7 31. Qg5 f6 32. Be6+ Kh8 33. Qg3 f5 34.
Kh1 Qg4 35. Qxg4 fxg4 36. Bxg4 Bf6 37. h5 gxh5 38. Bxh5 Kg7 39. Kg1 Kh6 40. Bf3
Re8 41. Kf1 Re3 42. Bg4 Rc3 43. Bf5 c6 44. Be4 cxd5 45. Bxd5 Rxc2 46. a4 b6 47.
Bc4 a5 48. Bd3 Rc3 49. Bc4 Kg5 50. Kg1 Rxc4 51. bxc4 Kf4 52. Kh2 Ke4 53. Kh3
Kd4 54. Kg4 Kxc4 55. Kf5 Bd8 56. Ke6 d5 57. Kd7 Bh4 58. Kc6 d4 59. Kxb6 d3 60.
Kxa5 d2 61. Kb6 d1=Q 62. a5 Qb1+ 63. Ka7 Kc5 64. g4 Kc6 65. a6 Kc7 66. g5 Qb8#
0-1

[Event "DEM U10 2005"]
[Site "Willingen GER"]
[Date "2005.05.20"]
[Round "9"]
[White "Scheel, Henrik"]
[Black "Princeataia, Elina"]
[Result "1-0"]
[Termination "normal"]
[Board "39"]
[WhiteElo "986"]
[BlackElo "729"]
[PlyCount "113"]
[WhiteFideId "24692115"]
[EventCountry "GER"]
[EventRounds "11"]
[EventType "swiss"]
[EventDate "2005.05.15"]

1. e4 e5 2. Nf3 Nc6 3. Bc4 Nf6 4. d3 Bc5 5. O-O d6 6. h3 Be6 7. Bb3 O-O 8. Bg5
h6 9. Bh4 Qe7 10. Nc3 Rad8 11. Nd5 Bxd5 12. Bxd5 Nd4 13. Nxd4 Bxd4 14. c3 Bb6
15. Bxb7 Rb8 16. Bd5 Rbc8 17. Qf3 c6 18. Bb3 Rcd8 19. Bxf6 Qxf6 20. Qxf6 gxf6
21. Rfe1 d5 22. exd5 cxd5 23. Rad1 Rfe8 24. Re2 d4 25. cxd4 Bxd4 26. Rde1 Bc5
27. Kh1 Rxd3 28. Ba4 Re7 29. f4 Bd6 30. fxe5 fxe5 31. Re3 Rd4 32. Bc2 Rd2 33.
R1e2 Rd4 34. Rg3+ Kf8 35. Re4 Rd2 36. Reg4 f6 37. Rg8+ Kf7 38. Bb3+ Re6 39.
Bxe6+ Kxe6 40. Kg1 Rd1+ 41. Kf2 Bc5+ 42. Ke2 Rb1 43. Rb3 a5 44. Ra8 Rg1 45.
Rxa5 Rxg2+ 46. Kf3 Rf2+ 47. Kg3 Bd4 48. Kg4 Rf4+ 49. Kg3 Bf2+ 50. Kg2 Bh4 51.
Rb6+ Kf5 52. Ra3 Rf2+ 53. Kg1 e4 54. b4 Kf4 55. Rxf6+ Kg5 56. Rxf2 Bxf2+ 57.
Kxf2 1-0

[Event "DEM U10 2005"]
[Site "Willingen GER"]
[Date "2005.05.20"]
[Round "9"]
[White "Mädge, Rico"]
[Black "Priese, Annika"]
[Result "0-1"]
[Termination "normal"]
[Board "42"]
[WhiteElo "826"]
[BlackElo "915"]
[PlyCount "72"]
[BlackFideId "24673730"]
[EventCountry "GER"]
[EventRounds "11"]
[EventType "swiss"]
[EventDate "2005.05.15"]

1. d4 Nf6 2. Nf3 g6 3. Nc3 Bg7 4. e3 d6 5. Qd3 b6 6. Qc4 Ba6 7. Qb3 Bxf1 8. Ng5
O-O 9. Rxf1 a5 10. Bd2 Nbd7 11. O-O-O c5 12. Rfe1 e6 13. e4 cxd4 14. Nd5 exd5
15. exd5 Qc7 16. Ne6 fxe6 17. dxe6 Ne5 18. e7+ d5 19. exf8=Q+ Kxf8 20. Qa3+ Kg8
21. Re2 Rc8 22. Bf4 Ne4 23. Qa4 d3 24. Rdd2 dxe2 25. Rxe2 Nd3+ 26. Kd1 Qxf4 27.
g3 Qf3 28. cxd3 Qxd3+ 29. Ke1 Qb1+ 30. Qd1 Rc1 31. Rd2 Rxd1+ 32. Rxd1 Qc2 33.
Rd4 Qxf2+ 34. Kd1 Qxd4+ 35. Ke1 Qxb2 36. Kd1 Qd2# 0-1

[Event "DEM U10 2005"]
[Site "Willingen GER"]
[Date "2005.05.20"]
[Round "9"]
[White "Bluhm, Sonja Maria"]
[Black "Chevelevitch, Valentin"]
[Result "0-1"]
[Termination "normal"]
[Board "43"]
[WhiteElo "797"]
[BlackElo "1003"]
[PlyCount "114"]
[WhiteFideId "24654027"]
[BlackFideId "12945587"]
[EventCountry "GER"]
[EventRounds "11"]
[EventType "swiss"]
[EventDate "2005.05.15"]

1. e4 e5 2. Nc3 Nf6 3. Nf3 Nc6 4. Bc4 Nxe4 5. Nxe4 d5 6. Bd3 dxe4 7. Bxe4 Bd6
8. d3 O-O 9. Bg5 f6 10. Bd5+ Kh8 11. Bh4 Bg4 12. h3 Bh5 13. c3 Ne7 14. Bb3 Ng6
15. Bd5 c6 16. Bb3 Nxh4 17. g4 Nxf3+ 18. Qxf3 Bg6 19. h4 h6 20. h5 Bh7 21.
O-O-O f5 22. gxf5 Rxf5 23. Qg2 Qg5+ 24. Qxg5 Rxg5 25. d4 e4 26. c4 Bf4+ 27. Kb1
e3+ 28. Ka1 exf2 29. Rdf1 Bg3 30. c5 Bd3 31. Rd1 f1=Q 32. Rhxf1 Bxf1 33. Rxf1
Rxh5 34. a3 Rd8 35. Bc2 g5 36. Rd1 Rh4 37. Rd3 Bf2 38. Rd2 Bxd4 39. Ka2 Bf6 40.
Rf2 Rf4 41. Rh2 Kg7 42. Re2 Rc4 43. Kb3 Rxc5 44. Ka2 g4 45. Rg2 Rg5 46. b4 h5
47. a4 h4 48. b5 cxb5 49. axb5 h3 50. Rg1 g3 51. Be4 g2 52. Bxb7 Bd4 53. Re1
g1=Q 54. Re7+ Kf6 55. Re2 Rg3 56. Rb2 Bxb2 57. Kxb2 Rd2# 0-1

[Event "DEM U10 2005"]
[Site "Willingen GER"]
[Date "2005.05.20"]
[Round "9"]
[White "Scholz, Andre"]
[Black "Greilich, Sophie"]
[Result "1-0"]
[Termination "normal"]
[Board "46"]
[WhiteElo "900"]
[BlackElo "793"]
[PlyCount "63"]
[EventCountry "GER"]
[EventRounds "11"]
[EventType "swiss"]
[EventDate "2005.05.15"]

1. e4 e5 2. f4 Bc5 3. Nf3 exf4 4. d4 Bb6 5. Bxf4 Nf6 6. e5 Nd5 7. c4 Nxf4 8. g3
Ng6 9. h4 d6 10. h5 Ne7 11. c5 Ba5+ 12. Nc3 Bg4 13. Rh4 Bxf3 14. Qxf3 Nbc6 15.
Bc4 O-O 16. Bd3 Nb4 17. Bb1 Nbd5 18. Qe4 f5 19. Qd3 g6 20. g4 Nf4 21. Qc2 g5
22. Rh1 Qd7 23. Rg1 Qc6 24. gxf5 Qa6 25. f6 Nf5 26. a3 Kf7 27. b4 Ne3 28. Qxh7+
Ke6 29. Ba2+ d5 30. Qe7+ Kf5 31. f7 Qd6 32. Rxg5# 1-0